00715nam a2200193 a 450000100100000000500170001000800410002704000250006808200160009311000320010924000180014124500790015926000890023830000200032770000340034704900090038195201140039099900170050400002897420200930055242.0110413s2006 dr 000 0 spa d aDO-SdBNPbspacBNPHU axxxxbR426l1 aRepública Dominicana944710a[Leyes, etc.]10aLey sobre salud mental no. 12-06 /cPresentación Bautista Rojas Gómez. aSanto Domingo :bSecretaria de Estado de Salud Pública y Asistencia Social,c2006. a44 p. ;c21 cm.12aRojas Gómez, Bautista91410 aBNPD 0010718PDaPDbPDcCTd2011-04-13iLF1l0oxxxx R426lp28974-10r2020-06-25w2020-06-25yLFPDZNo se presta c28466d28466